000
00263 a2200121 4500
001
71044
082
_a
530.121 EIS
090
_c
38743
_d
38743
100
_a
Eisberg
245
_a
Quantum Physics
_c
Eisberg
260
_a
USA
_b
John Wiley
_c
1974
300
_a
713.p
942
_a
caenust
_k
530.121 EIS
999
_c
306117
_d
306117